000 00479nam a22001697a 4500
005 20251108164938.0
008 250721s1988 xx 000 0 ara d
082 1 4 _a213.4/عبد
100 1 _aإبن عبد الله، محمد بن ياسين
245 1 0 _aتلخيص صحيح مسلم /
264 1 _aالموصل :
_bمكتبة بسام،
_c1988.
300 _aج
650 1 7 _aالإسلام
650 1 7 _aالحديث الشريف
942 _2ddc
_cBK
999 _c18085
_d18085